000 00958 a2200169 4500
003 Nust
005 20230428073544.0
040 _cNust
082 _a808.83,HEM
100 _aHemingway, Ernest
_945909
245 _aThe Short Happy Life of Francis Macomber /
_c Ernest Hemingway
260 _aLondon
_bPenguin Books
_c1939
300 _a191:p
505 _aThe Short Happy life of forensics Macabre (Page-7), The Capital of the World (Page-44), Old Man at the Bridge (Page-58), After the Strom (Page-61), A Clean Well Light of the World (Page-73), God Rest You Merry Gentleman (Page-81), The Sea Change (Page-86) A Way You Never be (Page-91), The Mother of a Queen (Page-105), One Reader Writes (Page-110), Homage to The Switzerland (Page-112), A day Wait (Page-126), A Nature History of the Dead (Page-130), Wine of Wyoming (Page-141), The Gambler the Nun and The radio (Page-160) Father and Sons (Page-180).
650 _ashort Story
942 _2ddc
_cFIC
999 _c186792
_d186792